[Event "EYCC 2024 - G12"]
[Site "?"]
[Date "2024.08.22"]
[Round "1.11"]
[White "Illes-Nagy, Nora"]
[Black "Trcalkova, Ema"]
[Result "1-0"]
[BlackElo "1576"]
[WhiteElo "1792"]
[LiveChessVersion "1.4.8"]

1. d4 {[%clk 1:30:59]} d5 {[%clk 1:30:48]} 2. c4 {[%clk 1:31:21]} e6
{[%clk 1:31:05]} 3. Nc3 {[%clk 1:31:39]} Nf6 {[%clk 1:31:04]} 4. cxd5
{[%clk 1:31:58]} exd5 {[%clk 1:31:11]} 5. Bg5 {[%clk 1:32:11]} c6
{[%clk 1:26:29]} 6. e3 {[%clk 1:26:08]} Be7 {[%clk 1:20:25]} 7. Qc2
{[%clk 1:25:09]} Be6 {[%clk 1:18:13]} 8. Bd3 {[%clk 1:23:51]} Nbd7
{[%clk 1:14:23]} 9. Nge2 {[%clk 1:21:45]} Bd6 {[%clk 1:11:35]} 10. Bh4
{[%clk 1:10:29]} Qc7 {[%clk 1:05:08]} 11. Bg3 {[%clk 1:08:19]} Bxg3
{[%clk 1:01:45]} 12. Nxg3 {[%clk 1:08:35]} g6 {[%clk 0:52:06]} 13. Nce2
{[%clk 1:00:31]} Nb6 {[%clk 0:44:24]} 14. Nf4 {[%clk 0:53:09]} Qd6
{[%clk 0:42:42]} 15. Rb1 {[%clk 0:45:19]} h5 {[%clk 0:32:10]} 16. Nxe6
{[%clk 0:38:37]} Qxe6 {[%clk 0:32:07]} 17. h4 {[%clk 0:35:23]} Ng4
{[%clk 0:18:20]} 18. Ne2 {[%clk 0:28:56]} Qf6 {[%clk 0:13:23]} 19. Nf4
{[%clk 0:24:32]} O-O-O {[%clk 0:10:26]} 20. g3 {[%clk 0:18:46]} Qe7
{[%clk 0:08:15]} 21. O-O {[%clk 0:10:08]} g5 {[%clk 0:05:38]} 22. Bf5+
{[%clk 0:09:39]} Kb8 {[%clk 0:05:40]} 23. Ng2 {[%clk 0:07:08]} gxh4
{[%clk 0:05:00]} 24. Nxh4 {[%clk 0:07:06]} Qg5 {[%clk 0:01:04]} 25. Kg2
{[%clk 0:04:23]} Qg7 {[%clk 0:00:53]} 26. Bxg4 {[%clk 0:03:15]} Qxg4
{[%clk 0:01:03]} 27. Qf5 {[%clk 0:02:36]} Qxf5 {[%clk 0:01:04]} 28. Nxf5
{[%clk 0:03:04]} Nc4 {[%clk 0:01:00]} 29. Rh1 {[%clk 0:02:48]} Rdg8
{[%clk 0:00:36]} 30. b3 {[%clk 0:02:39]} Nd2 {[%clk 0:00:50]} 31. Rbd1
{[%clk 0:02:24]} Ne4 {[%clk 0:01:15]} 32. Nh4 {[%clk 0:02:16]} Nc3
{[%clk 0:00:38]} 33. Rd2 {[%clk 0:02:37]} Ne4 {[%clk 0:01:06]} 34. Rc2
{[%clk 0:02:52]} 1-0

[Event "EYCC 2024 - G12"]
[Site "?"]
[Date "2024.08.22"]
[Round "1.12"]
[White "Frenzel, Qorianka"]
[Black "Schirmbeck, Lilian"]
[Result "1/2-1/2"]
[BlackElo "1786"]
[WhiteElo "1569"]
[LiveChessVersion "1.4.8"]

1. e4 {[%clk 1:30:56]} c5 {[%clk 1:30:55]} 2. Nf3 {[%clk 1:31:14]} Nc6
{[%clk 1:31:16]} 3. d4 {[%clk 1:31:30]} cxd4 {[%clk 1:31:41]} 4. Nxd4
{[%clk 1:31:44]} Nf6 {[%clk 1:31:58]} 5. Nc3 {[%clk 1:31:54]} e6 {[%clk 1:32:17]}
6. Be3 {[%clk 1:31:25]} Bb4 {[%clk 1:32:16]} 7. Nxc6 {[%clk 1:28:52]} bxc6
{[%clk 1:31:16]} 8. Bd3 {[%clk 1:25:57]} d5 {[%clk 1:23:05]} 9. Bd2
{[%clk 1:16:47]} O-O {[%clk 1:13:47]} 10. O-O {[%clk 1:05:24]} c5
{[%clk 1:03:31]} 11. f3 {[%clk 1:01:39]} dxe4 {[%clk 0:41:50]} 12. Bxe4
{[%clk 0:54:35]} Bxc3 {[%clk 0:34:51]} 13. Bxc3 {[%clk 0:54:27]} Nxe4
{[%clk 0:32:29]} 14. fxe4 {[%clk 0:52:37]} Qh4 {[%clk 0:30:13]} 15. Qe2
{[%clk 0:49:35]} Bb7 {[%clk 0:28:45]} 16. e5 {[%clk 0:48:25]} Bd5
{[%clk 0:27:04]} 17. a3 {[%clk 0:45:50]} Bc4 {[%clk 0:25:59]} 18. Qf2
{[%clk 0:39:50]} Qg5 {[%clk 0:19:44]} 19. Qf4 {[%clk 0:38:30]} Qxf4
{[%clk 0:18:28]} 20. Rxf4 {[%clk 0:37:56]} Bb5 {[%clk 0:17:08]} 21. Rd1
{[%clk 0:36:24]} Rfd8 {[%clk 0:16:31]} 22. Rd2 {[%clk 0:33:17]} Rxd2
{[%clk 0:12:39]} 23. Bxd2 {[%clk 0:33:33]} Rd8 {[%clk 0:12:52]} 24. Rf2
{[%clk 0:29:05]} Rd5 {[%clk 0:12:24]} 25. h3 {[%clk 0:28:33]} Rxe5
{[%clk 0:11:46]} 26. Bc3 {[%clk 0:25:02]} Rd5 {[%clk 0:11:23]} 27. Rd2
{[%clk 0:24:06]} Rxd2 {[%clk 0:10:17]} 28. Bxd2 {[%clk 0:24:27]} Kf8
{[%clk 0:10:04]} 29. Be3 {[%clk 0:24:42]} c4 {[%clk 0:09:33]} 30. Bxa7
{[%clk 0:25:03]} Ke7 {[%clk 0:08:58]} 31. Bc5+ {[%clk 0:24:34]} Kd7
{[%clk 0:08:52]} 32. Kf2 {[%clk 0:23:50]} e5 {[%clk 0:08:09]} 33. g4
{[%clk 0:22:50]} Ke6 {[%clk 0:06:46]} 34. Ke3 {[%clk 0:20:31]} f6
{[%clk 0:04:53]} 35. b3 {[%clk 0:18:09]} g6 {[%clk 0:04:17]} 36. a4
{[%clk 0:18:03]} cxb3 {[%clk 0:03:49]} 37. cxb3 {[%clk 0:18:00]} Bc6
{[%clk 0:03:44]} 38. a5 {[%clk 0:17:53]} Bb5 {[%clk 0:03:57]} 39. Bf8
{[%clk 0:15:49]} f5 {[%clk 0:03:44]} 40. Bh6 {[%clk 0:14:06]} f4+
{[%clk 0:03:09]} 41. Kf2 {[%clk 0:12:57]} Kd5 {[%clk 0:02:53]} 42. Bg7
{[%clk 0:12:45]} e4 {[%clk 0:02:45]} 43. Bc3 {[%clk 0:11:37]} Kc5
{[%clk 0:01:45]} 44. Bd2 {[%clk 0:09:52]} e3+ {[%clk 0:01:57]} 45. Bxe3+
{[%clk 0:10:17]} fxe3+ {[%clk 0:02:24]} 46. Kxe3 {[%clk 0:10:40]} h5
{[%clk 0:02:27]} 47. Kf4 {[%clk 0:10:28]} hxg4 {[%clk 0:01:46]} 48. hxg4
{[%clk 0:10:23]} Bd3 {[%clk 0:00:57]} 49. Kg5 {[%clk 0:09:56]} Kb5
{[%clk 0:00:59]} 50. b4 {[%clk 0:10:08]} Kxb4 {[%clk 0:00:48]} 51. a6
{[%clk 0:10:31]} Bxa6 {[%clk 0:00:41]} 52. Kxg6 {[%clk 0:10:54]} Bd3+
{[%clk 0:01:04]} 53. Kf6 {[%clk 0:11:11]} Kc5 {[%clk 0:01:24]} 54. g5
{[%clk 0:11:31]} Kd6 {[%clk 0:01:48]} 55. g6 {[%clk 0:11:47]} Bxg6
{[%clk 0:02:14]} 56. Kxg6 {[%clk 0:12:11]} 1/2-1/2

[Event "EYCC 2024 - G12"]
[Site "?"]
[Date "2024.08.22"]
[Round "1.13"]
[White "Donets, Alina"]
[Black "Harutyunyan, Gabriela"]
[Result "1/2-1/2"]
[BlackElo "1565"]
[WhiteElo "1784"]
[LiveChessVersion "1.4.8"]

1. e4 {[%clk 1:30:52]} c5 {[%clk 1:30:35]} 2. Nf3 {[%clk 1:31:05]} e6
{[%clk 1:31:00]} 3. c3 {[%clk 1:30:05]} d5 {[%clk 1:31:03]} 4. exd5
{[%clk 1:21:01]} exd5 {[%clk 1:31:26]} 5. d4 {[%clk 1:20:55]} Nc6
{[%clk 1:31:18]} 6. Bb5 {[%clk 1:20:30]} Nf6 {[%clk 1:31:13]} 7. O-O
{[%clk 1:20:16]} Be7 {[%clk 1:30:52]} 8. Re1 {[%clk 1:19:15]} O-O
{[%clk 1:30:58]} 9. Bg5 {[%clk 1:16:47]} c4 {[%clk 1:23:12]} 10. Qe2
{[%clk 1:12:03]} Be6 {[%clk 1:21:19]} 11. Nbd2 {[%clk 1:08:41]} h6
{[%clk 1:20:15]} 12. Bh4 {[%clk 1:08:24]} a6 {[%clk 1:20:00]} 13. Ba4
{[%clk 1:07:37]} b5 {[%clk 1:19:52]} 14. Bc2 {[%clk 1:08:01]} Re8
{[%clk 1:19:24]} 15. h3 {[%clk 1:03:57]} a5 {[%clk 1:12:50]} 16. Qe3
{[%clk 1:02:22]} b4 {[%clk 1:11:01]} 17. Qf4 {[%clk 0:58:01]} Nh5
{[%clk 1:08:19]} 18. Bxe7 {[%clk 0:55:51]} Nxf4 {[%clk 1:05:58]} 19. Bxd8
{[%clk 0:56:13]} Rexd8 {[%clk 1:06:14]} 20. Ba4 {[%clk 0:53:09]} Na7
{[%clk 1:05:14]} 21. Ne5 {[%clk 0:51:18]} Bf5 {[%clk 1:02:46]} 22. Re3
{[%clk 0:45:32]} f6 {[%clk 0:59:26]} 23. Nc6 {[%clk 0:43:47]} Nxc6
{[%clk 0:58:57]} 24. Bxc6 {[%clk 0:44:04]} Rac8 {[%clk 0:59:06]} 25. Ba4
{[%clk 0:42:40]} Bd3 {[%clk 0:58:37]} 26. Bd1 {[%clk 0:39:32]} Rb8
{[%clk 0:58:02]} 27. Nf3 {[%clk 0:36:46]} bxc3 {[%clk 0:57:10]} 28. bxc3
{[%clk 0:37:15]} Rb2 {[%clk 0:57:09]} 29. Ne1 {[%clk 0:36:34]} Rdb8
{[%clk 0:57:24]} 30. Nxd3 {[%clk 0:35:38]} Nxd3 {[%clk 0:57:49]} 31. Be2
{[%clk 0:35:09]} Rb1+ {[%clk 0:56:58]} 32. Rxb1 {[%clk 0:35:03]} Rxb1+
{[%clk 0:57:21]} 33. Kh2 {[%clk 0:34:14]} Nxf2 {[%clk 0:57:35]} 34. Bf3
{[%clk 0:33:52]} Rb5 {[%clk 0:57:20]} 35. a4 {[%clk 0:33:59]} Rb1
{[%clk 0:56:58]} 36. Bxd5+ {[%clk 0:34:16]} Kf8 {[%clk 0:57:10]} 37. Bxc4
{[%clk 0:29:00]} h5 {[%clk 0:54:33]} 38. Kg3 {[%clk 0:26:04]} Nd1
{[%clk 0:53:52]} 39. Rf3 {[%clk 0:26:07]} Rc1 {[%clk 0:53:55]} 40. Bb3
{[%clk 0:22:03]} Nxc3 {[%clk 0:54:07]} 41. Kf2 {[%clk 0:21:05]} Ne4+
{[%clk 0:54:17]} 42. Ke3 {[%clk 0:21:11]} Ng5 {[%clk 0:54:39]} 43. Rg3
{[%clk 0:20:05]} h4 {[%clk 0:54:44]} 44. Kd2 {[%clk 0:20:26]} Rg1
{[%clk 0:53:03]} 45. Rg4 {[%clk 0:20:09]} Ke7 {[%clk 0:52:32]} 46. Kd3
{[%clk 0:18:25]} g6 {[%clk 0:52:25]} 47. Kc4 {[%clk 0:17:21]} f5 {[%clk 0:51:23]}
48. Rxh4 {[%clk 0:16:55]} Rxg2 {[%clk 0:51:48]} 49. Rh6 {[%clk 0:16:37]} Ne4
{[%clk 0:51:37]} 50. Rh7+ {[%clk 0:16:28]} Kd6 {[%clk 0:51:56]} 51. Bd1
{[%clk 0:15:26]} f4 {[%clk 0:51:37]} 52. Ra7 {[%clk 0:13:53]} f3 {[%clk 0:51:32]}
53. Rf7 {[%clk 0:11:27]} f2 {[%clk 0:51:40]} 54. Be2 {[%clk 0:10:56]} g5
{[%clk 0:51:00]} 55. Kd3 {[%clk 0:09:33]} Ke6 {[%clk 0:51:09]} 56. Rf3
{[%clk 0:09:01]} Ng3 {[%clk 0:50:49]} 57. Ke3 {[%clk 0:08:42]} Nf5+
{[%clk 0:51:10]} 58. Ke4 {[%clk 0:08:07]} Nh4 {[%clk 0:50:52]} 59. Bc4+
{[%clk 0:05:56]} Ke7 {[%clk 0:50:55]} 60. Rf7+ {[%clk 0:06:20]} Ke8
{[%clk 0:51:18]} 61. Ke3 {[%clk 0:06:28]} Rg3+ {[%clk 0:50:04]} 62. Kxf2
{[%clk 0:06:49]} Rxh3 {[%clk 0:50:28]} 63. Ra7 {[%clk 0:06:41]} Rf3+
{[%clk 0:50:25]} 64. Ke2 {[%clk 0:07:03]} g4 {[%clk 0:50:12]} 65. Rxa5
{[%clk 0:06:54]} Nf5 {[%clk 0:50:25]} 66. Re5+ {[%clk 0:07:11]} Kd8
{[%clk 0:50:33]} 67. Ke1 {[%clk 0:07:13]} g3 {[%clk 0:50:29]} 68. Bf1
{[%clk 0:05:35]} Ne3 {[%clk 0:50:26]} 69. Ke2 {[%clk 0:05:33]} Rxf1
{[%clk 0:50:44]} 70. Rg5 {[%clk 0:05:44]} g2 {[%clk 0:49:22]} 71. Rxg2
{[%clk 0:06:06]} Nxg2 {[%clk 0:49:44]} 72. Kxf1 {[%clk 0:06:32]} Ne3+
{[%clk 0:49:57]} 73. Ke2 {[%clk 0:06:56]} Nd5 {[%clk 0:50:20]} 74. Kd3
{[%clk 0:07:21]} Kd7 {[%clk 0:50:46]} 75. Kc4 {[%clk 0:07:42]} Kd6
{[%clk 0:50:48]} 76. a5 {[%clk 0:08:07]} Nc7 1/2-1/2

[Event "EYCC 2024 - G12"]
[Site "?"]
[Date "2024.08.22"]
[Round "1.14"]
[White "Veleva, Ilijana"]
[Black "Gruszecka, Alicja"]
[Result "0-1"]
[BlackElo "1781"]
[WhiteElo "1556"]
[LiveChessVersion "1.4.8"]

1. e4 {[%clk 1:30:56]} e5 {[%clk 1:30:59]} 2. Nf3 {[%clk 1:31:18]} Nc6
{[%clk 1:31:16]} 3. Bb5 {[%clk 1:31:41]} f5 {[%clk 1:31:34]} 4. Nc3
{[%clk 1:31:43]} fxe4 {[%clk 1:31:45]} 5. Nxe4 {[%clk 1:32:04]} d5
{[%clk 1:31:59]} 6. Nxe5 {[%clk 1:30:00]} dxe4 {[%clk 1:32:05]} 7. Nxc6
{[%clk 1:28:04]} Qg5 {[%clk 1:32:11]} 8. Nd4+ {[%clk 1:25:02]} c6
{[%clk 1:30:12]} 9. Bf1 {[%clk 1:23:23]} Qe5 {[%clk 1:25:42]} 10. Nb3 Nf6
{[%clk 1:23:31]} 11. h3 {[%clk 1:19:07]} Bd6 {[%clk 1:22:09]} 12. Bc4
{[%clk 1:19:17]} Nd5 {[%clk 1:20:16]} 13. g3 {[%clk 1:15:48]} O-O
{[%clk 1:19:16]} 14. Qe2 {[%clk 1:15:57]} b5 {[%clk 1:16:51]} 15. Bxd5+
{[%clk 1:16:08]} Qxd5 {[%clk 1:16:14]} 16. d4 {[%clk 1:09:41]} exd3
{[%clk 1:15:01]} 17. Qxd3 {[%clk 1:06:09]} Qxh1+ {[%clk 1:14:57]} 18. Ke2
{[%clk 1:05:19]} Qd5 {[%clk 1:13:32]} 19. Qc3 {[%clk 1:05:27]} Qc4+
{[%clk 1:13:07]} 20. Qxc4+ {[%clk 1:05:44]} bxc4 {[%clk 1:13:28]} 21. Nd4
{[%clk 1:06:11]} Bc5 {[%clk 1:09:50]} 22. Nf3 {[%clk 1:05:45]} Bxh3
{[%clk 1:08:52]} 23. Bf4 {[%clk 1:05:39]} Bg4 {[%clk 1:08:43]} 24. Rh1
{[%clk 1:03:52]} Rfe8+ {[%clk 1:07:34]} 25. Be3 {[%clk 0:56:51]} Bxe3
{[%clk 1:07:20]} 26. fxe3 {[%clk 0:57:14]} Rf8 {[%clk 1:07:36]} 27. Rf1
{[%clk 0:57:21]} Rxf3 {[%clk 1:07:34]} 28. Rxf3 {[%clk 0:57:40]} Rf8
{[%clk 1:07:54]} 0-1

[Event "EYCC 2024 - G12"]
[Site "?"]
[Date "2024.08.22"]
[Round "1.15"]
[White "Lampou, Marianta"]
[Black "Jonsdottir, Halldora"]
[Result "1-0"]
[BlackElo "1551"]
[WhiteElo "1777"]
[LiveChessVersion "1.4.8"]

1. d4 {[%clk 1:30:57]} d5 {[%clk 1:30:47]} 2. Nf3 {[%clk 1:31:04]} Nc6
{[%clk 1:30:46]} 3. e3 {[%clk 1:31:22]} Nf6 {[%clk 1:23:31]} 4. Bd3
{[%clk 1:30:18]} e6 {[%clk 1:21:06]} 5. O-O {[%clk 1:30:20]} Bd6 {[%clk 1:20:47]}
6. b3 {[%clk 1:30:12]} O-O {[%clk 1:20:03]} 7. Bb2 {[%clk 1:28:48]} h6
{[%clk 1:18:55]} 8. c4 {[%clk 1:26:05]} Re8 {[%clk 1:15:11]} 9. Ne5
{[%clk 1:23:53]} Bxe5 {[%clk 1:11:07]} 10. dxe5 {[%clk 1:23:50]} Nd7
{[%clk 1:08:49]} 11. f4 {[%clk 1:20:40]} Nb6 {[%clk 0:57:54]} 12. c5
{[%clk 1:19:02]} Nd7 {[%clk 0:57:00]} 13. Bd4 {[%clk 1:16:08]} Qe7
{[%clk 0:54:00]} 14. Qc1 {[%clk 1:04:54]} Nb4 {[%clk 0:40:12]} 15. Bb5
{[%clk 1:00:31]} c6 {[%clk 0:39:10]} 16. Be2 {[%clk 1:00:11]} b6 {[%clk 0:38:52]}
17. cxb6 {[%clk 0:47:54]} axb6 {[%clk 0:38:14]} 18. a3 {[%clk 0:47:45]} Na6
{[%clk 0:37:44]} 19. Qxc6 {[%clk 0:45:08]} Rb8 {[%clk 0:34:53]} 20. b4
{[%clk 0:40:08]} Bb7 {[%clk 0:32:37]} 21. Qa4 {[%clk 0:40:09]} Nc7
{[%clk 0:29:45]} 22. Nc3 {[%clk 0:35:19]} Ra8 {[%clk 0:23:16]} 23. Qb3
{[%clk 0:34:54]} Nf8 {[%clk 0:18:07]} 24. Bxb6 {[%clk 0:33:44]} Rec8
{[%clk 0:13:13]} 25. Bc5 {[%clk 0:32:30]} Qd8 {[%clk 0:12:12]} 26. Na4
{[%clk 0:30:28]} Rcb8 {[%clk 0:08:43]} 27. Nb6 {[%clk 0:29:36]} Ra7
{[%clk 0:08:20]} 28. Nd7 {[%clk 0:28:05]} Rxa3 {[%clk 0:06:25]} 29. Rxa3
{[%clk 0:27:22]} Nxd7 {[%clk 0:06:14]} 30. Bd6 {[%clk 0:27:04]} Rc8
{[%clk 0:05:06]} 31. Ra7 {[%clk 0:26:13]} Bc6 {[%clk 0:04:12]} 32. b5
{[%clk 0:25:43]} Ba8 {[%clk 0:03:35]} 33. b6 {[%clk 0:25:30]} Nxb6
{[%clk 0:02:38]} 34. Qxb6 {[%clk 0:25:29]} d4 {[%clk 0:01:20]} 35. Rxc7
{[%clk 0:24:03]} Rxc7 {[%clk 0:01:24]} 36. Qxc7 {[%clk 0:24:22]} Qh4
{[%clk 0:01:25]} 37. Qc8+ {[%clk 0:23:59]} Kh7 {[%clk 0:01:40]} 38. Qxa8
{[%clk 0:24:21]} dxe3 {[%clk 0:01:46]} 39. Qe4+ {[%clk 0:23:47]} f5
{[%clk 0:01:35]} 40. exf6+ {[%clk 0:23:41]} g6 {[%clk 0:01:29]} 41. Qb7+
{[%clk 0:23:45]} Kg8 {[%clk 0:01:37]} 42. Qg7# {[%clk 0:24:03]} 1-0

[Event "EYCC 2024 - G12"]
[Site "?"]
[Date "2024.08.22"]
[Round "1.16"]
[White "Rusitashvili, Tea"]
[Black "Vancakova, Veronika"]
[Result "1-0"]
[BlackElo "1776"]
[WhiteElo "1547"]
[LiveChessVersion "1.4.8"]

1. e4 {[%clk 1:30:58]} d6 {[%clk 1:30:53]} 2. d4 {[%clk 1:31:23]} Nf6
{[%clk 1:31:18]} 3. Nc3 {[%clk 1:31:46]} g6 {[%clk 1:31:41]} 4. g3
{[%clk 1:32:10]} Bg7 {[%clk 1:31:08]} 5. Bg2 {[%clk 1:32:32]} O-O
{[%clk 1:30:25]} 6. Nge2 {[%clk 1:32:30]} Nbd7 {[%clk 1:29:07]} 7. h3
{[%clk 1:31:25]} e5 {[%clk 1:27:14]} 8. O-O {[%clk 1:28:03]} exd4
{[%clk 1:17:58]} 9. Nxd4 {[%clk 1:25:24]} Re8 {[%clk 1:16:11]} 10. Re1 Nc5 11.
Nb3 {[%clk 1:16:59]} Ne6 {[%clk 0:54:53]} 12. Be3 {[%clk 1:13:37]} Bd7
{[%clk 0:53:54]} 13. e5 {[%clk 1:07:29]} dxe5 {[%clk 0:52:45]} 14. Bxb7
{[%clk 1:07:16]} Nf8 {[%clk 0:12:59]} 15. Kh2 {[%clk 0:57:23]} h5
{[%clk 0:12:12]} 16. Nc5 {[%clk 0:51:29]} Rb8 {[%clk 0:04:08]} 17. Qf3
{[%clk 0:42:29]} e4 {[%clk 0:02:34]} 18. N3xe4 {[%clk 0:42:29]} Nxe4
{[%clk 0:00:42]} 19. Bxe4 {[%clk 0:40:26]} Rxb2 {[%clk 0:00:37]} 20. Rad1
{[%clk 0:33:26]} Qc8 {[%clk 0:00:47]} 21. Bb7 {[%clk 0:33:26]} Rxb7
{[%clk 0:00:47]} 22. Qxb7 {[%clk 0:33:27]} Bxh3 {[%clk 0:00:42]} 23. Qxc8
{[%clk 0:32:49]} Bxc8 {[%clk 0:01:10]} 24. Nb3 {[%clk 0:31:39]} Bg4
{[%clk 0:00:39]} 25. Bd4 {[%clk 0:23:51]} Ne6 {[%clk 0:00:37]} 26. Rd2
{[%clk 0:23:43]} Ra8 {[%clk 0:00:40]} 27. Bxg7 {[%clk 0:23:40]} Kxg7
{[%clk 0:00:58]} 28. Kg2 {[%clk 0:22:34]} Kf6 {[%clk 0:00:45]} 29. f3
{[%clk 0:21:45]} Bf5 {[%clk 0:01:06]} 30. Re3 {[%clk 0:21:10]} g5
{[%clk 0:00:42]} 31. Nd4 {[%clk 0:18:54]} Rd8 {[%clk 0:00:44]} 32. Nb3
{[%clk 0:19:09]} Rxd2+ {[%clk 0:00:37]} 33. Nxd2 {[%clk 0:19:30]} Bxc2
{[%clk 0:00:59]} 34. Rc3 {[%clk 0:19:50]} Bf5 {[%clk 0:01:07]} 35. Ra3
{[%clk 0:20:01]} c5 {[%clk 0:00:43]} 36. Rxa7 {[%clk 0:19:57]} Bd3
{[%clk 0:00:47]} 37. Rd7 {[%clk 0:18:58]} Bb5 {[%clk 0:00:40]} 38. Ne4+
{[%clk 0:18:23]} Kg6 {[%clk 0:00:32]} 39. Rd6 {[%clk 0:18:29]} c4
{[%clk 0:00:40]} 40. Nc3 {[%clk 0:18:41]} Be8 {[%clk 0:00:51]} 41. a4
{[%clk 0:18:47]} Kf6 {[%clk 0:01:09]} 42. a5 {[%clk 0:18:30]} Ke7
{[%clk 0:01:25]} 43. Rb6 {[%clk 0:17:53]} Kd8 {[%clk 0:00:34]} 44. a6
{[%clk 0:16:56]} Nc7 {[%clk 0:00:39]} 45. a7 {[%clk 0:16:43]} 1-0